Catálogo
 En Linea

Salamanca : (Registro nro. 19322)

Detalles MARC
000 -CABECERA
campo de control de longitud fija 00895cam a2200241 a 4500
001 - NÚMERO DE CONTROL
campo de control 000019809
005 - FECHA Y HORA DE LA ÚLTIMA TRANSACCIÓN
campo de control 20200929170140.0
008 - DATOS DE LONGITUD FIJA--INFORMACIÓN GENERAL
campo de control de longitud fija 840411s1962 sp 001 f spa d
040 ## - FUENTE DE LA CATALOGACIÓN
Centro catalogador/agencia de origen DO-SdBNP
Lengua de catalogación spa
Centro/agencia transcriptor LC
Centro/agencia modificador BNPHU
082 ## - NÚMERO DE LA CLASIFICACIÓN DECIMAL DEWEY
Número de clasificación 863.6
Número de documento/Ítem R759s
049 ## - FONDOS LOCALES (OCLC)
Fondos de biblioteca BNGR
100 1# - ENTRADA PRINCIPAL--NOMBRE DE PERSONA
Nombre de persona Romanones, Álvaro Figueroa y Torres,
Títulos y otros términos asociados al nombre conde de,
Fechas asociadas al nombre 1863-1950
9 (RLIN) 41974
245 10 - MENCIÓN DE TÍTULO
Título Salamanca :
Resto del título conquistador de riqueza, gran señor /
Mención de responsabilidad, etc. Conde de Romanones.
260 ## - PUBLICACIÓN, DISTRIBUCIÓN, ETC.
Lugar de publicación, distribución, etc. Madrid :
Nombre del editor, distribuidor, etc. Espasa-Calpe,
Fecha de publicación, distribución, etc. 1962.
300 ## - DESCRIPCIÓN FÍSICA
Extensión 153, [16] p. ;
Dimensiones 18 cm.
490 1# - MENCIÓN DE SERIE
Mención de serie Austral. Anaranjada: biografías y vidas novelescas
Designación de volumen o secuencia 1316
650 #4 - PUNTO DE ACCESO ADICIONAL DE MATERIA--TÉRMINO DE MATERIA
Término de materia o nombre geográfico como elemento de entrada Novela española
9 (RLIN) 1123
650 #4 - PUNTO DE ACCESO ADICIONAL DE MATERIA--TÉRMINO DE MATERIA
Término de materia o nombre geográfico como elemento de entrada Literatura española
9 (RLIN) 632
600 10 - PUNTO DE ACCESO ADICIONAL DE MATERIA--NOMBRE DE PERSONA
Nombre de persona SALAMANCA, JOSÉ DE SALAMANCA Y MAYOL,
Títulos y otros términos asociados al nombre MARQUÉS DE,
Fechas asociadas al nombre 1811-1883
9 (RLIN) 42287
830 #0 - PUNTO DE ACCESO ADICIONAL DE SERIE-TÍTULO UNIFORME
Título uniforme Austral.
Nombre de parte o sección de la obra Anaranjada: biografías y vidas novelescas;
Designación de volumen o secuencia 1316
9 (RLIN) 3058
910 ## - DATOS DE OPCIÓN DEL USUARIO (OCLC)
Datos de opción del usuario Catalogación derivada / LC
910 ## - DATOS DE OPCIÓN DEL USUARIO (OCLC)
Datos de opción del usuario WM
Existencias
Estado de retiro Estado de pérdida Restricciones de uso No para préstamo Código de colección Localización permanente Ubicación/localización actual Ubicación en estantería Fecha de adquisición Número de inventario Total de préstamos Signatura topográfica completa Código de barras Fecha visto por última vez Precio válido a partir de Tipo de ítem Koha
        Monografías: Libros y Folletos General General Depósito 07.07.2010 LF1   863.6 R759s 19809-10 25.06.2020 25.06.2020 Préstamo en sala

Con tecnología Koha